000 00468nam a22001817a 4500
003 CEME
005 20210628204205.0
008 210121b xxu||||| |||| 00| 0 eng d
020 _a81-7245-013-3
040 _cceme
082 _a428.1 AHU
100 _aAhuja , B. N
_91430
245 _aDictionary of synonyms and antonyms
260 _aNEW DELHI
_bGOODWILL'S
_c2002
300 _a425P
650 _aDICTIONARY OF SYNONYMS AND ANTONYMS
_969203
942 _cBK
_2ddc
999 _c576574
_d576574